| 000 | 00541nam a2200241Ia 4500 | ||
|---|---|---|---|
| 005 | 20250425162203.0 | ||
| 008 | 250425s9999 xx 000 0 und d | ||
| 020 | _a9875222380 | ||
| 041 | _aspa | ||
| 043 | _aag | ||
| 082 | _a641.6 | ||
| 100 | _aFERNANDEZ, JULIA | ||
| 245 | 0 | _aCOCINA MEXICANA | |
| 250 | _a1A ED. | ||
| 260 |
_aArgentina _bVISOR _c2001 |
||
| 260 | _aBUENOS AIRES | ||
| 300 | _a79 | ||
| 650 | _aMEXICO | ||
| 650 | _aRECETAS DE COCINA | ||
| 700 |
_aSILVIA SLEIGH _etraductor |
||
| 942 | _c01 | ||
| 010 | _a54869 | ||
| 999 |
_c224090 _d224090 |
||